000 01483cam a2200133 4500500
005 20251214003232.0
041 _afre
042 _adc
100 1 0 _aAnaut, Marie
_eauthor
245 0 0 _aPsychologie de la résilience
260 _bArmand Colin,
_c2015.
520 _aLe terme de résilience fait référence aux compétences trouvées-crées par des individus pour faire face à des situations délétères : événements de vie traumatiques, accidents, maladies, handicaps, carences affectives graves, grande précarité, etc. La résilience peut concerner des sujets qui surmontent une situation d’adversité sévère ou bien qui récupèrent ou maintiennent leur intégrité psychique après un traumatisme. Le fonctionnement résilient s’édifie sur un jeu complexe de processus défensifs d’ordre intrapsychique et de facteurs de protection internes et externes. L’étude des processus de résilience constitue un modèle d’approche du sujet considéré dans sa globalité, avec ses ressources et ses processus défensifs autant que ses fragilités.Cet ouvrage met en perspective les évolutions théoriques de ce modèle au cours des décennies, depuis son émergence jusqu’à nos jours. L’auteur présente les différentes approches théoriques et cliniques, discute de ses apports, de ses limites et de ses applications pratiques.
856 4 1 _uhttps://shs.cairn.info/psychologie-de-la-resilience--9782200611798?lang=fr&redirect-ssocas=7080
999 _c1567626
_d1567626